| 000 | 00612nam a2200253Ia 4500 | ||
|---|---|---|---|
| 005 | 20260121161113.0 | ||
| 008 | 008 260114s9999 xx 000 0 eng d | ||
| 020 | _a9781315139005 | ||
| 037 | _aEBOOK | ||
| 040 | _aCRL | ||
| 040 | _beng | ||
| 040 | _cCRL | ||
| 041 | _2eng | ||
| 041 | _aeng | ||
| 084 | _qCRL | ||
| 100 |
_a Ann-Charlotte Eliasson; Larsson Kare _91040244 |
||
| 245 | 0 | _aCereals in Breadmaking | |
| 260 | _bTaylor and Francis | ||
| 260 | _c1993 | ||
| 856 | _uhttp://www.taylorfrancis.com/books/9781315139005 | ||
| 942 | _cEBOOK | ||
| 999 |
_c1607060 _d1607060 |
||